000 01072nac a22004330a 4500
001 PT54360
003 AR-LpoUNG
005 20210201005530.0
008 201001s1995||||sp |||||||||||||||||spa d
020 _a8475839118
_c$28
040 _aAR-LpoUNG
_bspa
_eaacr
041 _aspa
044 _asp
082 0 _aR909 794jap-v1
100 1 _aCollcut, Martín
245 1 0 _aJapón :
_bel imperio del sol naciente
260 _aBarcelona :
_bFolio,
_c1995.
300 _a131 p. :
_bil., mapas, gráfs., fot.
_3Impreso
490 0 _aAtlas culturales del mundo
650 4 _aANALISIS HISTORICO
650 4 _aARTE
650 4 _aASPECTOS GEOGRAFICOS
650 4 _aATLAS
650 4 _aBUDISMO
650 4 _aCIVILIZACION
650 4 _aCULTURA
650 4 _aFACTORES CULTURALES
650 4 _aHISTORIA
650 4 _aJAPON
650 4 _aMATERIAL DE REFERENCIA
650 4 _aRELIGION
650 4 _aSOCIEDAD
650 4 _aTEATRO
651 4 _aMundial
700 1 _aJansen, Marius
700 1 _aKumakura, Isao
905 _a54360
942 _cLSALA
999 _c50096
_d50096